| 000 | 00455nam a2200169 a 4500 | ||
|---|---|---|---|
| 005 | 20210219160438.0 | ||
| 008 | 081107s1999 mx r 000 0 spa d | ||
| 020 | _a0793033033 | ||
| 035 | _aUPN01000165506 | ||
| 049 | _aUNE | ||
| 050 | 4 | _aPOR ADQUIRIR | |
| 245 | 0 | 0 |
_aAdult education in Israel: _b5 / _ced. Paul Kirmayer. |
| 260 |
_aJerusalem : _bMinistry of Education, _c1999. |
||
| 300 | _a185 p. | ||
| 700 | 1 |
_aKirmayer, Paul, _eed. |
|
| 905 | _aLibro | ||
| 999 |
_c137618 _d137618 |
||